00357 2200145 4500001002100000005001500021035002000036245006500056100002400121300001200145260001600157082001000173084001600183990001200199INLIS00000000000203220250527090214 a0010-05250003241 aLeadership ( Kemimpinan ) / Psikologi /cWilian J wads Wortk0 aWilian J wads Wortk a176 hlm bTugu,c2004 a158.4 a158.4 WIL l a0712674